| 000 | 00517nam a22001937a 4500 | ||
|---|---|---|---|
| 999 |
_c31619 _d31616 |
||
| 003 | OSt | ||
| 005 | 20190408112037.0 | ||
| 008 | 190408b ||||| |||| 00| 0 eng d | ||
| 020 | _a9966855521 | ||
| 040 |
_aMMU _beng _cMMU _dMMU |
||
| 050 | _aBT708 .A777 2001 | ||
| 100 | _aArthur Bryson | ||
| 245 |
_aA theology of sexuality & marriage / _cBryson Arthur |
||
| 260 |
_aNairobi : _bUzima , _c2001 |
||
| 300 | _a176 p.: | ||
| 500 | _aIncludes bibliography and index. | ||
| 650 | _aMarriage | ||
| 942 |
_2lcc _cLOAN LOAN |
||